| 000 | 00981nam0a2200313 4500 | ||
|---|---|---|---|
| 001 | RU\NLR\BIBL_A\022385613 | ||
| 005 | 20250117170733.0 | ||
| 010 |
_a978-5-04-198039-9 _93000 |
||
| 021 |
_aRU _bКН-П-24-061272 _9КН-П-24-6086 |
||
| 035 | _a(NLR Aleph) 022385613 | ||
| 090 |
_a13330997 _c13330997 |
||
| 100 | _a20241120d2024 u y0rusy50 ca | ||
| 101 | 0 | _arus | |
| 102 | _aRU | ||
| 105 | _aa z 000ay | ||
| 181 | 0 |
_ai _bxxxe |
|
| 182 | 0 | _an | |
| 200 | 1 |
_aСухой овраг _iВера _e[роман] _fАлиса Клима |
|
| 203 |
_aТекст _bвизуальный _cнепосредственный |
||
| 210 |
_aМосква _cЭксмо _d2024 |
||
| 215 |
_a379, [2] с. _cил. _d21 |
||
| 333 | _a16+ | ||
| 686 | 2 | _aШ6(2=Р)8-440.4 | |
| 700 | 1 |
_aКлима _bА. В. _gАлиса Вячеславовна |
|
| 942 | _cBOOK | ||
| 980 | _aNB | ||